header

Low-dimensional solids (Record no. 188868)

MARC details
000 -LEADER
fixed length control field 01394nam a2200385Ia 4500
082 04 - DEWEY DECIMAL CLASSIFICATION NUMBER
Classification number 620/.5
245 00 - TITLE STATEMENT
Title Low-dimensional solids
260 ## - PUBLICATION, DISTRIBUTION, ETC. (IMPRINT)
Place of publication Hoboken, N.J. :
Name of publisher Wiley,
Year of publication 2010.
300 ## - PHYSICAL DESCRIPTION
Number of Pages x, 294 p. :
Other physical details ill.
490 1# - SERIES STATEMENT
Series statement Inorganic materials series
650 #0 - SUBJECT ADDED ENTRY--TOPICAL TERM
Topical Term Nanotubes.
Topical Term Nanowires.
Topical Term Metallic oxides.
Topical Term Inorganic compounds.
Topical Term Superconducting composites.
700 1# - ADDED ENTRY--PERSONAL NAME
Personal name Bruce, Duncan W.
Personal name O'Hare, Dermot.
Personal name Walton, Richard I.
856 40 - ELECTRONIC LOCATION AND ACCESS
Uniform Resource Identifier http://site.ebrary.com/lib/rucke/Doc?id=10412599

No items available.

© 2026 Rongo University
Contact us: librarian | system librarian | Rongo university